ZAWODY - Statystyki

Ogólne statystyki
  • Ten quiz został rozwiązany 123 razy
  • Średni wynik to 46 z 156
Statystyki odpowiedzi
Hint Odpowiedź % Poprawnych
L lekarz
83%
P policjant
76%
N nauczyciel
75%
S strażak
68%
K kucharz
64%
M mechanik
63%
P piekarz
62%
B budowlaniec
60%
P piłkarz
58%
A aktor
57%
K kierowca
57%
M malarz
57%
D dentysta
56%
F fryzjer
56%
R ratownik
56%
E elektryk
55%
H hydraulik
54%
A adwokat
52%
I informatyk
52%
P piosenkarz
52%
W weterynarz
52%
A architekt
51%
P prawnik
51%
S sędzia
51%
K kasjer
50%
Ż żołnierz
50%
C cukiernik
49%
K kelner
49%
O okulista
49%
P pilot
49%
P psycholog
49%
M muzyk
48%
S sprzątacz
48%
C chirurg
46%
S stolarz
45%
G ginekolog
44%
K koszykarz
44%
K ksiądz
44%
S siatkarz
43%
D dziennikarz
42%
P pielęgniarz
40%
M maszynista
39%
M murarz
39%
O opiekun
39%
F farmaceuta
38%
O optyk
38%
P psychiatra
38%
B barman
37%
P pisarz
37%
F fotograf
36%
G górnik
36%
K kurier
36%
R reżyser
36%
S szewc
36%
T tancerz
36%
K kominiarz
35%
L listonosz
35%
O ochroniarz
35%
P polityk
35%
T trener
35%
B barber
33%
F fizjoterapeuta
33%
K księgowy
33%
O ogrodnik
33%
T tynkarz
33%
S sekretarz
32%
C chemik
31%
G grabarz
31%
S steward
31%
T taksówkarz
31%
B bibliotekarz
30%
K konduktor
30%
M marynarz
30%
P pediatra
30%
A akrobata
29%
T tłumacz
29%
F fizyk
27%
Z zegarmistrz
27%
A archeolog
26%
R rzeźnik
26%
A astronauta
25%
B bankier
25%
D dermatolog
25%
M masażysta
25%
O ortopeda
25%
P pedagog
25%
S stomatolog
25%
B barista
24%
F florysta
24%
K komornik
24%
K kosmetolog
24%
P prokurator
24%
T tenisista
24%
A astronom
23%
G grafik
23%
J jubiler
23%
R recepcjonista
23%
B bokser
21%
L logopeda
21%
D dietetyk
20%
D drwal
20%
O ortodonta
20%
Ś śmieciarz
20%
F farmer
19%
M model
19%
P polonista
19%
P programista
19%
S scenarzysta
19%
Z zoolog
19%
A analityk
18%
A animator
18%
G geodeta
18%
K kowal
18%
P projektant
18%
P przewodnik
18%
M magazynier
17%
N naukowiec
17%
M makijażysta
15%
P poeta
15%
R rzeźbiarz
15%
D doradca
14%
R ratownik medyczny
14%
E ekspedient
13%
P pszczelarz
13%
R redaktor
13%
W wykładowca
13%
B burmistrz
12%
N notariusz
12%
I instruktor
11%
M myśliwy
11%
Z zakonnik
11%
K komik
10%
K konserwator
10%
L lektor
10%
T tatuażysta
10%
U ubezpieczyciel
8%
A agent nieruchomości
7%
Z zielarz
7%
C choreograf
6%
W windykator
6%
D dozorca
5%
K korepetytor
5%
P portier
5%
Z złomiarz
5%
B bukmacher
4%
D dziekan
4%
H higienista
4%
R rekruter
4%
S saper
4%
A ankieter
2%
B bileter
2%
K krytyk
2%
R rzecznik
2%
S sołtys
2%
T telemarketer
2%
Z zapaśnik
2%
Nie znaleziono quizów pasujących do podanych kryteriów
Rozkład punktacji
Procent ludzi z każdym wynikiem
Percentyl według liczby udzielonych odpowiedzi
Twoja historia wyników
Nie rozwiązałeś tego quizu